| 000 | 00899cam a2200157ua 4500 | ||
|---|---|---|---|
| 041 |
_amal _h |
||
| 082 |
_a894.812 301 _bNBS/UR |
||
| 110 | 1 |
_aNational book stall . _b _c(Kottayam, Kerala ) |
|
| 245 |
_aUrukkinte katha / _cNational book stall, Kottayam, India. _hTextual Documents |
||
| 250 |
_a1 / _b. |
||
| 260 |
_aKottayam : _bNational Book Stall. |
||
| 300 | _a26 ; . | ||
| 504 | _a | ||
| 942 | _cBK | ||
| 999 |
_c6593 _d6593 |
||